000
00245nam a2200097Ia 4500
001
689966
005
20250826161807.0
008
250824s9999 xx 000 0 und d
245
0
_a
YA TAHAMMÜL YA SEFER
_c
MUSTAFA KUTLU
260
_b
DERGAH YAYINLARI
999
_c
689966
_d
689966